000 00341nam a2200121Ia 4500
005 20251222143308.0
008 251222s9999||||xx |||||||||||||| ||spa||
020 _a9972-870-05-7
082 _a658.022/O36
245 0 _aLa Gestión en las Pequeñas y Microempresas:
264 _bOficina de Asesoría y Consultaría Ambiental
942 _cLIB
999 _c15590
_d15590